| 000 -LEADER |
| fixed length control field |
00475nam a22001817a 4500 |
| 008 - FIXED-LENGTH DATA ELEMENTS--GENERAL INFORMATION |
| fixed length control field |
150722b xxu||||| |||| 00| 0 eng d |
| 020 ## - INTERNATIONAL STANDARD BOOK NUMBER |
| International Standard Book Number |
3214082434 |
| 041 0# - LANGUAGE CODE |
| Language code of text/sound track or separate title |
eng |
| 080 ## - UNIVERSAL DECIMAL CLASSIFICATION NUMBER |
| Universal Decimal Classification number |
658 |
| 245 ## - TITLE STATEMENT |
| Title |
Handbook of Management by Projects / |
| Statement of responsibility, etc |
edited by Roland Gareis ; |
| 260 ## - |
| -- |
Vienna : |
| -- |
Verlags ; |
| -- |
1990. |
| 300 ## - |
| -- |
446 f. : |
| -- |
me il.; |
| -- |
25 cm. |
| 500 ## - |
| -- |
Preface: f. [7]-[8] |
| 650 #0 - |
| -- |
Organizim |
| 650 #0 - |
| -- |
Udhëheqje |
| 650 #0 - |
| -- |
Projekt |
| 942 ## - ADDED ENTRY ELEMENTS (KOHA) |
| Source of classification or shelving scheme |
|
| Item type |
Books |